Aplikácia celotelových 3D skenerov v ergonómii

Problematika optimalizácie pracovného systému s poukázaním na generické procesy v organizáciách. Dodržiavanie ergonómie a ergonomických zásad má stimulujúci charakter v zlepšovaní kvality pracovného prostredia a v znižovaní práceneschopnosti.

Na minha lista:
Detalhes bibliográficos
Autor principal: Hovanec, Michal
Outros Autores: Pačaiová, Hana
Formato: Capítulo de Livro
Idioma:eslovaco
Assuntos:
Tags: Adicionar Tag
Sem tags, seja o primeiro a adicionar uma tag!

MARC

LEADER 00000naa a2200000 4500
001 0185856
005 20231208113935.7
041 0 |a slo 
044 |a SK 
245 1 0 |a Aplikácia celotelových 3D skenerov v ergonómii  |c Michal Hovanec, Hana Pačaiová 
520 |a Problematika optimalizácie pracovného systému s poukázaním na generické procesy v organizáciách. Dodržiavanie ergonómie a ergonomických zásad má stimulujúci charakter v zlepšovaní kvality pracovného prostredia a v znižovaní práceneschopnosti. 
610 2 0 |a ergonómia 
610 2 0 |a inžinierstvo priemyselné 
610 2 0 |a fyziológia práce 
610 2 0 |a namáhavosť práce 
610 2 0 |a priestor pracovný 
610 2 0 |a vplyvy na prácu 
100 1 |a Hovanec, Michal 
700 1 |a Pačaiová, Hana